Мои встречи с временем и людьми

Bibliographic Details
Main Author: Жаров М. И. Михаил Иванович
Summary:Михаил Иванович Жаров — значительная и яркая фигура российского театра и кино XX века. Зрительская любовь и интерес к его творчеству не угасают и сегодня. В книгу включены воспоминания Михаила Жарова о жизни и творчестве, его статьи, страницы из дневника его жены Майи Жаровой, очерки о деятельности артиста в театре, кино и на телевидении, воспоминания друзей.
Language:Russian
Published: Москва, АСТ-Пресс Книга, 2006
Subjects:
Format: Book
KOHA link:https://koha.lib.tpu.ru/cgi-bin/koha/opac-detail.pl?biblionumber=103568

MARC

LEADER 00000nam0a2200000 4500
001 103568
005 20231101214508.0
010 |a 5462002181 
035 |a (RuTPU)RU\TPU\book\111662 
090 |a 103568 
100 |a 20061018d2006 m y0rusy50 ca 
101 0 |a rus 
102 |a RU 
105 |a ac z 000ab 
200 1 |a Мои встречи с временем и людьми  |f М. И. Жаров 
210 |a Москва  |c АСТ-Пресс Книга  |d 2006 
215 |a 384 с.  |c ил., портр. 
330 |a Михаил Иванович Жаров — значительная и яркая фигура российского театра и кино XX века. Зрительская любовь и интерес к его творчеству не угасают и сегодня. В книгу включены воспоминания Михаила Жарова о жизни и творчестве, его статьи, страницы из дневника его жены Майи Жаровой, очерки о деятельности артиста в театре, кино и на телевидении, воспоминания друзей. 
600 1 |a Жаров  |b М. И.  |c российский актер  |c народный артист СССР (1949)  |f 1899-1981  |g Михаил Иванович  |2 stltpush  |3 (RuTPU)RU\TPU\pers\14728  |9 4929 
610 1 |a искусство 
610 1 |a театр 
610 1 |a кино 
610 1 |a актеры 
610 1 |a Россия 
610 1 |a мемуары 
675 |a 792  |v 3 
675 |a 791.44.071  |v 3 
700 1 |a Жаров  |b М. И.  |g Михаил Иванович 
801 1 |a RU  |b 63413507  |c 20061018  |g PSBO 
801 2 |a RU  |b 63413507  |c 20070517  |g PSBO 
942 |c BK 
959 |a 89/20061012  |d 1  |e 580,47  |f ХФ:1